Najlepsi strzelcy w historii reprezentacji Argentyny - Statystyki

Ogólne statystyki
  • Ten quiz został rozwiązany 214 razy
  • Średni wynik to 5 z 10
Statystyki odpowiedzi
Miejsce Gole Piłkarz % Poprawnych
1. 71 Lionel Messi
99%
6. 26 Diego Maradona
92%
7. 20 Angel Di Maria
73%
3. 41 Sergio Aguero
70%
5. 31 Gonzalo Higuain
62%
4. 32 Hernan Crespo
54%
2. 44 Gabriel Batistuta
46%
10. 16 Juan Roman Riquelme
24%
9. 17 Claudio Caniggia
3%
8. 17 Norberto Mendez
0%
Nie znaleziono quizów pasujących do podanych kryteriów
Rozkład punktacji
Procent ludzi z każdym wynikiem
Percentyl według liczby udzielonych odpowiedzi
Twoja historia wyników
Nie rozwiązałeś tego quizu